| 000 | 00560nam a2200193 a 4500 | ||
|---|---|---|---|
| 005 | 20221115063823.0 | ||
| 008 | 040119s20012002mx r 000 0 spa d | ||
| 020 | _a8482395467 | ||
| 035 | _aUPN01000131398 | ||
| 049 | _aCG | ||
| 050 | 4 |
_aBF576 _bC3.4 |
|
| 100 | 1 | _aCatret, Amparo | |
| 245 | 1 | 1 |
_a¿Emocionalmente inteligente? : _buna nueva dimensión de la personalidad humana / _cAmparo Catret. |
| 260 |
_aMadrid : _bPalabra, _c2001 (impr. 2002). |
||
| 300 | _a239 p. | ||
| 440 | 0 | _aEdu.com | |
| 650 | 7 |
_aInteligencia emocional _2 _91394 |
|
| 905 | _aLibro | ||
| 999 |
_c103553 _d103553 |
||